00335nam a2200145Ia 4500008004100000020001800041082000800059100001600067245001800083250000600101260003200107300001000139500002400149650001600173230524s9999 xx 000 0 und d a9789351770251 bMAR aAndy Marino 0aNarendra Modi a1 aNoidabHarper Collinsc2014 a332p; aQuantity Number: 1 aMisalliance